Devinez la Capitale Mystère #118 - Statistiques

Statistiques générales
  • Ce quiz a été pris 98 fois
  • Le résultat moyen est 28 sur 33
Statistiques - réponses
Type de Réponse Réponse % Correct
Lettre de l'Alphabet I
100%
Lettre de l'Alphabet R
100%
Lettre Bien Placée A
99%
Lettre Trouvée A
99%
Lettre de l'Alphabet E
99%
Lettre Trouvée N
99%
Lettre de l'Alphabet O
99%
Lettre de l'Alphabet D
98%
Lettre de l'Alphabet L
98%
Lettre Trouvée S
98%
Lettre de l'Alphabet B
96%
Lettre de l'Alphabet P
95%
Lettre de l'Alphabet T
95%
Lettre de l'Alphabet M
91%
Lettre Trouvée U
91%
Lettre de l'Alphabet G
90%
Lettre de l'Alphabet C
89%
Lettre de l'Alphabet H
88%
Lettre de l'Alphabet W
88%
Lettre de l'Alphabet K
87%
Lettre Bien Placée S
87%
Lettre de l'Alphabet Y
76%
Lettre de l'Alphabet V
74%
Lettre de l'Alphabet X
74%
Lettre Bien Placée A
72%
Lettre Bien Placée S
70%
Lettre Bien Placée U
70%
Lettre de l'Alphabet J
66%
Lettre de l'Alphabet Z
66%
Lettre Bien Placée N
62%
Lettre de l'Alphabet Q
62%
Lettre de l'Alphabet F
61%
Capitale Mystère Nassau
59%
Aucun quiz correspondant
Distribution des résultats
% des personnes avec chaque résultat
Percentile par nombre de réponses
Votre historique - résultats
Vous n’avez pas pris ce quiz